000 00804nam a2200277 a 4500
003 AR-BaBNM
005 20251128210217.0
008 082120s2002 ||||||||||||||000 | spa||
040 _cAR-BaBNM
100 1 _aMéndez, Liliana
245 0 0 _aPsicogénesis de la lecto-escritura. Equipo de trabajo para el docente de 1ero, 2do y 3er grado
_n1
250 _a1ª ed.
260 _a[S.l.]
_bVocación Docente
_c1994
300 _a157 p.
_bil.
650 4 _aEXPRESION ORAL
650 4 _aACTIVIDADES EN GRUPO
650 4 _aJUEGOS EDUCATIVOS
653 _aCONSTRUCTIVISMO
653 _aENSENANZA DE LA LENGUA
653 _aLECTOESCRITURA
653 _aEXPRESION ESCRITA
700 1 _aTarchini, Enrique
700 1 _aFornasari de Menegazzo, Lilia
_eprologuista
942 _cBK
998 _cCarmen
999 _c14520
_d14520